காதலாகிக் கனிந்து...

Saved in:
Bibliographic Details
Main Author: பாலகுமாரன்
Format: Book
Language:English
Published: சென்னை விசா பப்ளிகேஷன்ஸ் 2023
Edition:3
Tags: Add Tag
No Tags, Be the first to tag this record!

MARC

LEADER 00000nam a22000007a 4500
005 20251103142401.0
008 251103b |||||||| |||| 00| 0 eng d
020 |a - 
082 |a 894.8113  |b பாலகு 
100 |a பாலகுமாரன் 
245 |a காதலாகிக் கனிந்து...  |c பாலகுமாரன் 
250 |a 3 
260 |a சென்னை  |b விசா பப்ளிகேஷன்ஸ்  |c 2023 
300 |a 472 
942 |c BK 
999 |c 16291  |d 16291